| Tag |
First Indicator |
Second Indicator |
Subfields |
| LEADER |
00000cam a2200000 4500 |
| 001 |
in00000201293 |
| 005 |
20151009064526.0 |
| 008 |
731005s1973 nyu b 10000 eng |
| 010 |
|
|
|a 73170539
|
| 035 |
|
|
|a (OCoLC)00731068
|
| 035 |
|
|
|9 AAY2331AM
|
| 040 |
|
|
|a DLC
|c DLC
|d TXA
|d UtOrBLW
|
| 043 |
|
|
|a n-us---
|
| 049 |
|
|
|a TXAM
|c [717528]
|
| 050 |
0 |
0 |
|a KF1073.I5
|b S34
|
| 082 |
0 |
|
|a 346/.73/092
|
| 245 |
0 |
0 |
|a Sales of securities by corporate insiders: current developments /
|c Robert L. Frome, chairman.
|
| 264 |
|
1 |
|a New York :
|b Practising Law Institute,
|c [1973]
|
| 300 |
|
|
|a 192 pages ;
|c 22 cm.
|
| 336 |
|
|
|a text
|b txt
|2 rdacontent
|
| 337 |
|
|
|a unmediated
|b n
|2 rdamedia
|
| 338 |
|
|
|a volume
|b nc
|2 rdacarrier
|
| 490 |
1 |
|
|a Corporate law and practice course handbook series ;
|v no. 114
|
| 500 |
|
|
|a "B4-3545."
|
| 500 |
|
|
|a "Prepared for distribution at the sales of securities by corporate insiders seminar, February-April 1973."
|
| 500 |
|
|
|a Pages 188-192 blank.
|
| 504 |
|
|
|a Includes bibliographical references.
|
| 650 |
|
0 |
|a Insider trading in securities
|z United States.
|
| 700 |
1 |
|
|a Frome, Robert L.
|
| 710 |
2 |
|
|a Practising Law Institute.
|
| 830 |
|
0 |
|a Corporate law and practice course handbook series ;
|v no. 114.
|
| 999 |
|
|
|a MARS
|
| 999 |
f |
f |
|s c3428b9b-e72a-309d-a055-2f43f3b7f8ec
|i 033b8bba-fe30-3c81-a7b5-558c38b5d505
|t 0
|
| 952 |
f |
f |
|p ric
|a Texas A&M University
|b Rellis Campus
|c Joint Library Facility
|d Remote Storage
|t 0
|e KF1073.I5 S34
|h Library of Congress classification
|i unmediated -- volume
|m A14803166446
|
| 998 |
f |
f |
|a KF1073.I5 S34
|t 0
|l Remote Storage
|